| 000 | 01121nam0a22002891 4500 | ||
|---|---|---|---|
| 001 | RU\NLR\INFOCOMM_161\5000072980 | ||
| 005 | 20260419043622.0 | ||
| 010 | _9500 экз. | ||
| 035 | _a(NLR Aleph) 009234357 | ||
| 090 |
_a13658171 _c13658171 |
||
| 100 | _a20100626d1972 u y0rusy50 ca | ||
| 101 | 0 |
_aeng _frus |
|
| 102 | _aEE | ||
| 105 | _aa ||||000|y | ||
| 200 | 1 |
_aThe green years _fA. Cronin _gAdapt. for the 10th form by L. Golovtchinskaya _gEesti NSV. Körgema ja kesk-erihariduse min. E. Vilde nimeline Tallinna ped. inst. |
|
| 210 |
_aTallinn _d1972 |
||
| 215 |
_a176 с. _cил. _d20 см |
||
| 300 | _aПредисл. на рус. яз. | ||
| 300 | _aДоп. тит. л. на рус. яз.: А. Кронин. Юные годы | ||
| 300 | _aКнига для чтения на англ. яз. для X кл. средн. школы. Изд. 3-е, испр. | ||
| 686 |
_aЯ270-535х _2rubbk |
||
| 700 | 1 |
_aCronin _bA. J. _f1896-1981 _gArchibald Joseph _3RU\NLR\AUTH\777644 _4070 |
|
| 801 | 0 |
_aRU _bNLR _gPSBO |
|
| 801 | 1 |
_aRU _bNLR _c20100626 |
|
| 852 |
_aNLR _jЯ61 Д-3/150 _y2 экз. |
||
| 942 | _cBOOK | ||
| 980 | _aNB | ||